| 000 | 00656nam a2200241 i 4500 | ||
|---|---|---|---|
| 001 | bgj | ||
| 100 | 1 |
_aLAWRENCE, David Herbert _d(1885-1930). |
|
| 245 | 1 | 0 |
_aSons and Lovers / _cD. H. Lawrence. |
| 250 | _a[Repr.]. | ||
| 260 |
_aLondon [etc.] : _bPenguin Books, _c[ca 1990]. |
||
| 300 |
_a511 pp ; _c19 cm. |
||
| 650 | 9 | _aWorking class families | |
| 650 | 9 | _aYoung men | |
| 651 | 9 |
_aEngland _xSocial life and customs _y20th century |
|
| 655 | _aFiction | ||
| 655 | _aAutobiographical fiction | ||
| 020 | _a0140006680 | ||
| 040 | _cBPK | ||
| 041 | 0 | _aeng | |
| 920 | _a0-14-000668-0 | ||
| 942 | _cKS | ||
| 008 | s uk f |000 0 eng | ||
| 999 |
_c47760 _d47760 |
||
| 856 |
_uhttp://koha.tu.koszalin.pl/cgi-bin/koha/opac-detail.pl?biblionumber=47760 _yKatalog online BPK |
||